Номенклатура-ценник материалов. Группа 6-7, 8 подгр. 89, 9: Вспомогательные материалы. Спецодежда. Топливо, тара, отходы (Запись № 6888919)
[ простой вид ]
| 000 -МАРКЕР | |
|---|---|
| контрольное поле | 01357nam2a22002291 4500 |
| 001 - ИДЕНТИФИКАТОР ЗАПИСИ | |
| контрольное поле | rc\2737930 |
| 005 - ИДЕНТИФИКАТОР ВЕРСИИ | |
| контрольное поле | 20250529140155.0 |
| 035 ## - ДРУГИЕ СИСТЕМНЫЕ НОМЕРА | |
| Идентификатор записи | (NLR Aleph) 006865156 |
| 100 ## - ДАННЫЕ ОБЩЕЙ ОБРАБОТКИ | |
| Данные общей обработки | 20110915d1937 |||y0rusy50 ca |
| 101 0# - ЯЗЫК РЕСУРСА | |
| Язык текста, звукозаписи и т.д. | русский |
| 102 ## - СТРАНА ПУБЛИКАЦИИ ИЛИ ПРОИЗВОДСТВА | |
| Страна публикации | Российская Федерация |
| 105 ## - ПОЛЕ КОДИРОВАННЫХ ДАННЫХ: ТЕКСТОВЫЕ МАТЕРИАЛЫ, МОНОГРАФИЧЕСКИЕ | |
| Кодированные данные о монографическом текстовом документе | y z ||||| |
| 200 1# - ЗАГЛАВИЕ И СВЕДЕНИЯ ОБ ОТВЕТСТВЕННОСТИ | |
| Основное заглавие | Вспомогательные материалы. Спецодежда. Топливо, тара, отходы |
| 210 ## - ПУБЛИКАЦИЯ, РАСПРОСТРАНЕНИЕ И ДР. | |
| Место издания, распространения и т.д. | [Х.] |
| Имя издателя, распространителя и т. д. | Электромехан. и турбогенерат. з-д им. т. Сталина И. В. |
| Дата издания, распространения и т.д. | 1937 |
| Имя изготовителя | 4 тип. Трансжелдориздата |
| 215 ## - ФИЗИЧЕСКАЯ ХАРАКТЕРИСТИКА | |
| Специфическое обозначение материала и объем | Обл.-папка, 148 л. |
| 461 #0 - УРОВЕНЬ НАБОРА | |
| Встроенное поле | 001rc\2737929 |
| -- | 2001#$a... Номенклатура-ценник материалов$fНКТП СССР. Главэнергопром. ХЭТЗ$vГруппа 6-7, 8 подгр. 89, 9 |
| Системный номер (АБИС) связанной записи | 6888909 |
| Автор | Харьковский электромеханический и турбогенераторный завод им. Сталина |
| Место публикации | [Х.] |
| Дата публикации | 1937 |
| Первые сведения об ответственности | НКТП СССР. Главэнергопром. ХЭТЗ |
| Имя издателя, распространителя и т.д. | Электромехан. и турбогенерат. з-д им. т. Сталина И. В. |
| Заглавие | Номенклатура-ценник материалов |
| Номер тома | Группа 6-7, 8 подгр. 89, 9 |
| 801 #0 - ИСТОЧНИК ЗАПИСИ | |
| Страна | Российская Федерация |
| Организация | NLR |
| Правила каталогизации | psbo |
| 801 #1 - ИСТОЧНИК ЗАПИСИ | |
| Страна | Российская Федерация |
| Организация | ELAR |
| Источник данных | rusmarc |
| 852 ## - МЕСТОНАХОЖДЕНИЕ И ШИФР ХРАНЕНИЯ | |
| Идентификатор организации | NLR |
| Шифр хранения (Call Number) | 37-3/1126 |
| 942 ## - ДОПОЛНИТЕЛЬНЫЕ ЭЛЕМЕНТЫ ЗАПИСИ (АБИС) | |
| Тип экземпляра АБИС | Книга |
| 980 ## - КОЛЛЕКЦИЯ | |
| Название коллекции | Национальная библиография |
| Тип экземпляра | Дата поступления | Библиотека постоянного хранения | Библиотека текущего хранения | Место хранения | Шифр хранения | Штрих-код | Статус экземпляра |
|---|---|---|---|---|---|---|---|
| Книга | 26.10.2013 | РНБ (Садовая) | РНБ (Садовая) | Русский книжный фонд -Главное здание, Ленинский читальный зал | 37-3/1126 | 6865156-10 |